[Event "IRI-ch U18"]
[Site "Chess.com INT"]
[Date "2021.01.26"]
[Round "7"]
[White "Beytmashall, Abdolghader"]
[Black "Rezasoroush, Ali"]
[Result "1-0"]
[WhiteElo "1728"]
[BlackElo "1380"]
[PlyCount "65"]
[EventDate "2021.01.26"]
[EventType "swiss"]
[EventRounds "9"]
[EventCountry "IRI"]
[SourceTitle "CBM 200 Extra"]
[Source "ChessBase"]
[SourceDate "2021.03.31"]
[SourceVersion "1"]
[SourceVersionDate "2021.03.31"]
[SourceQuality "1"]

1. d4 e6 2. c4 Nf6 3. Nc3 Bb4 4. Qc2 c5 5. dxc5 Bxc5 6. Nf3 0-0 7. e3 d5 8. Be2 b6 9. 0-0 Bb7 10. cxd5 exd5 11. a3 Nc6 12. b4 Bd6 13. Nb5 Rc8 14. Qb3 Bb8 15. Bb2 a6 16. Nbd4 Qd6 17. Nxc6 Qxc6 18. Rac1 Qe6 19. Rcd1 Ne4 20. Rd4 f5 21. Rfd1 Rf6 22. g3 h6 23. Bd3 Kh8 24. Bf1 Kh7 25. Bh3 g5 26. Rxe4 Qxe4 27. Bxf6 Qxf3 28. Qd3 Qe4 29. Bxf5+ Kg8 30. Bxe4 dxe4 31. Qd7 Rc7 32. Qd8+ Kf7 33. Qxb8 1-0